Score 0/30 Timer 04:00
2 Plays Today
Hint Six-Letter Word % Correct
♪ ______ Submarine ♪YELLOW
99.8%
♪ ______ Skelter ♪ HELTER
87.9%
Restaurant serverWAITER
84.8%
♪ ______ To Ride ♪TICKET
83.6%
______ Cronkite, newscasting legendWALTER
82%
YellBELLOW
79%
Uncooked cakeBATTER
77.8%
♪ Getting ______BETTER
76.6%
♪ Your _____ Should Know ♪MOTHER
75.2%
Not a showererBATHER
75.2%
Head collarHALTER
75%
Loud singer like Ethel MermanBELTER
74.1%
♪ Don't ______ Me ♪BOTHER
74%
♪ Paperback ______WRITER
73.4%
Voting deviceBALLOT
72.4%
Hint Six-Letter Word % Correct
Classical dance formBALLET
72.3%
Squeezed into a rounded shapeBALLED
65.5%
AngryTICKED
65.4%
Hesitated while pitchingBALKED
64.2%
CudgelBALLOW
63.2%
Pointed stakePICKET
60.5%
Small sugar containerPACKET
58.5%
CrowdedPACKED
58%
Stood behindBACKED
56.2%
Like Batman or the Lone RangerMASKED
53.8%
Assigned a jobTASKED
49.9%
CrushedMASHED
49.6%
Followed a zigzag courseTACKED
48.6%
Cotton ______, witch's baneMATHER
47.2%
Man who makes passesMASHER
44.1%

Today's Daily Dose

Remove Ads.
Support Sporcle.
Get the best of Sporcle when you Go Orange. This ad-free experience offers more features, more stats, and more fun while also helping to support Sporcle. Thank you for becoming a member.

You're not logged in!

Compare scores with friends on all Sporcle quizzes.
OR
Log In

Show Comments

Extras

Top Quizzes Today


Score Distribution

Your Account Isn't Verified!

In order to create a playlist on Sporcle, you need to verify the email address you used during registration. Go to your Sporcle Settings to finish the process.

Report this User

Report this user for behavior that violates our Community Guidelines.

Details: